Normal view
MARC view
Entry Topical Term
001 - CONTROL NUMBER
- control field: 281158
003 - CONTROL NUMBER IDENTIFIER
- control field:
005 - DATE AND TIME OF LATEST TRANSACTION
- control field: 20210601211802.0
008 - FIXED-LENGTH DATA ELEMENTS
- fixed length control field: 210601|| aca||aabn | a|a d
040 ## - CATALOGING SOURCE
- Original cataloging agency:
- Transcribing agency:
150 ## - HEADING--TOPICAL TERM
- Topical term or geographic name entry element: Authors, French
- Chronological subdivision: 19th century
- Form subdivision: Biography
670 ## - SOURCE DATA FOUND
- Source citation: Work cat.: (): Carr, Philip 281155, Days with the French romantics in the Paris of 1830 /, 1932
